Η επίδραση της βόσκησης στην αναγέννηση του δάσους της βελανιδιάς στη Δυτική Λέσβο

Αποθηκεύτηκε σε:
Λεπτομέρειες βιβλιογραφικής εγγραφής
Κύριος συγγραφέας: Χαλιός, Κώστας
Συγγραφή απο Οργανισμό/Αρχή: Πανεπιστήμιο Αιγαίου Σχολή Περιβάλλοντος Τμήμα Περιβάλλοντος Πρόγραμμα Μεταπτυχιακών Σπουδών Γεωργία και Περιβάλλον
Άλλοι συγγραφείς: Κουτσίδου, Ευγενία (dgsf [Επιβλέπουσα καθηγήτρια])
Μορφή: Thesis Βιβλίο
Γλώσσα:Greek
Δημοσίευση: 2008.
Θέματα:
Διαθέσιμο Online:http://hdl.handle.net/11610/10295
Ετικέτες: Προσθήκη ετικέτας
Δεν υπάρχουν, Καταχωρήστε ετικέτα πρώτοι!

MARC

LEADER 00000cam a2200000 i 4500
001 1/104729
008 090505s2008 gre d
035 |l 10104528 
040 |a GR-MY-UA  |b gre  |e aacr 
041 0 |a gre 
082 0 |a 583.976  |2 (22) 
100 1 |a Χαλιός, Κώστας. 
245 1 2 |a Η επίδραση της βόσκησης στην αναγέννηση του δάσους της βελανιδιάς στη Δυτική Λέσβο /   |c Κώστας Χαλιός ; υπεύθυνη καθηγήτρια Ευγενία Κουτσίδου.  
260 |c 2008.  
300 |a 50 σ. :   |b εικ. ;   |c 30 εκ.  
500 |a Βιβλιογραφία: σ. 40-46.  
502 |a Διατριβή (μεταπτυχιακή) - Πανεπιστήμιο Αιγαίου, Λέσβος, 2008.  
650 0 0 |a Oak  |z Greece  |z Lesbos (Municipality) 
650 0 0 |a Forest regeneration  |z Greece  |z Lesbos (Municipality) 
650 0 |a Regeneration (Botany)  |z Greece  |z Lesbos (Municipality) 
650 0 0 |a Ecological disturbances  |z Greece  |z Lesbos (Municipality) 
650 0 0 |a Dissertations, Academic  |z Greece. 
700 1 |a Κουτσίδου, Ευγενία,  |e dgsf [Επιβλέπουσα καθηγήτρια] 
710 2 |a Πανεπιστήμιο Αιγαίου  |b Σχολή Περιβάλλοντος  |b Τμήμα Περιβάλλοντος  |b Πρόγραμμα Μεταπτυχιακών Σπουδών Γεωργία και Περιβάλλον. 
852 |a INST  |b LESVOS  |c DIATR  |e 20090505  |h 261  |p 005100045432  |q 005100045432  |t MTXE  |y 23 
852 |a INST  |b LESVOS  |c DIATR  |e 20090505  |h 262  |p 005100045431  |q 005100045431  |t MTXE  |y 23 
856 |u http://hdl.handle.net/11610/10295 
901 |a BIBL1-2009-2 
909 |a Λ  |b 130189 
909 |a Λ  |b 130190 
924 |a ΧΑΛΙΟΣ  |b ΚΩΣΤΑΣ  |y ΛΕΣΒΟΣ  |z 2008-02 
970 |a ΤΖΑΦΕΡΗ  |b ΕΥΑΓΓΕΛΙΑ  |z 2009/05/05